000 00737nam a2200253Ia 4500
003 OSt
005 20220918175031.0
006 a|||||r|||| 00| 0
007 ta
008 220917b |||||||| |||| 00| 0 eng d
024 _a15,293
037 _cTextual
040 _aARTS
_cARTS
_beng
041 _2eng
_aeng
082 _aNA,223, L31 (2)
100 _aEllsworth Ralph E.
_946822
245 0 _aAcademic library buildings
_b a guide to architecture issues and solutions
260 _aBoulder
_bColorado Association Univ Press
_c1973
300 _axvi,530p. illus
_ccm.
500 _aAppendix p521-26
650 _aARTS
942 _hNA,223, L31 (2)
_cTEXL
_2CC
999 _c155716
_d155716